Luving U-6lack - Statistics

General Stats
  • This quiz has been taken 5 times
  • The average score is 225 of 367
Answer Stats
Hint Answer % Correct
Do
100%
don't
100%
For
100%
for
100%
here
100%
I
100%
"I
100%
i
100%
lose
100%
my
100%
real
100%
runnin'
100%
Sittin'
100%
to
100%
want
100%
a
50%
add
50%
ain't
50%
always
50%
And
50%
askin'
50%
aunt
50%
back
50%
bad
50%
be
50%
book
50%
'bout
50%
"Boy
50%
breathe
50%
but
50%
But
50%
by
50%
call
50%
can
50%
can't
50%
cause
50%
chance
50%
comes
50%
could
50%
dead
50%
discredit
50%
doin'
50%
enough"
50%
every
50%
feel
50%
Feelin'
50%
find
50%
Girl
50%
got
50%
had
50%
half
50%
head
50%
henny
50%
how
50%
if
50%
If
50%
Pre Chorus I'm
50%
in
50%
It
50%
it
50%
just
50%
karma
50%
lame
50%
left
50%
liar
50%
line
50%
love
50%
loving
50%
Loving
50%
low
50%
make
50%
me
50%
messages?
50%
mind
50%
mom
50%
much
50%
myself
50%
name
50%
need
50%
no
50%
nothing
50%
on
50%
one's
50%
out
50%
past
50%
phone
50%
plate
50%
play
50%
Please
50%
pretty
50%
prove
50%
put
50%
reflecting
50%
room
50%
said
50%
say
50%
scroll
50%
search
50%
searching
50%
See
50%
Send
50%
She
50%
she
50%
so
50%
So
50%
some
50%
space
50%
s**t s**t
50%
stand
50%
still
50%
Take
50%
tell
50%
text
50%
that
50%
that's
50%
the
50%
them
50%
there's
50%
things
50%
think
50%
thinking
50%
This
50%
this
50%
three
50%
through
50%
time
50%
too
50%
took
50%
tough"
50%
try
50%
tryna
50%
Up
50%
up
50%
wanna
50%
was
50%
weeks
50%
what
50%
what's
50%
"Who's
50%
with
50%
woman?"
50%
workin'
50%
you
50%
Verse 2 You
50%
your
50%
b***h b***h?"
0%
everything
0%
F**k f**k
0%
f****n" | f****n' f****n'
0%
know
0%
songs
0%
stress
0%
wrong
0%
Verse 1 Yeah
0%
No matching quizzes found
Score Distribution
Percent of People with Each Score
Percentile by Number Answered
Your Score History
You have not taken this quiz